Countries with the Most Police Officers - Statistics

General Stats
  • This quiz has been taken 101 times
  • The average score is 23 of 30
Answer Stats
Police Officers Country % Correct
135,301 England and Wales
98%
700,000 United States
98%
2,000,000 China
95%
544,000 Mexico
94%
2,000,000 India
93%
480,000 Brazil
92%
289,900 Germany
92%
800,000 Russia
92%
282,612 France
91%
296,700 Japan
87%
350,000 Argentina
85%
276,750 Italy
84%
249,907 Spain
83%
580,000 Indonesia
77%
150,000 Colombia
75%
354,221 Pakistan
74%
116,678 South Korea
74%
484,000 Turkey
74%
300,000 Nigeria
72%
100,000 Poland
72%
193,000 South Africa
71%
230,000 Thailand
71%
300,000 Iran
67%
152,000 Ukraine
67%
104,000 Peru
60%
256,344 Bangladesh
57%
220,000 Philippines
56%
102,000 Malaysia
52%
160,000 Algeria
44%
95,000 Kenya
36%
No matching quizzes found
Score Distribution
Percent of People with Each Score
Percentile by Number Answered
Your Score History
You have not taken this quiz